000 01305nam a2200325Ia 4500
001 ebr10228265
003 CaPaEBR
006 m u
007 cr cn|||||||||
008 060922s2007 enka sb 001 0 eng d
010 _z 2006031453
020 _z9780754646280 (alk. paper)
020 _z9780754684657
040 _aCaPaEBR
_cCaPaEBR
035 _a(OCoLC)560697314
050 1 4 _aHF5681.I55
_bV57 2007eb
082 0 4 _a657/.73
_222
245 0 0 _aVisualising intangibles
_h[electronic resource] :
_bmeasuring and reporting in the knowledge economy /
_cedited by Stefano Zambon and Giuseppe Marzo.
260 _aAldershot, England ;
_aBurlington, VT :
_bAshgate,
_cc2007.
300 _axiv, 268 p. :
_bill.
504 _aIncludes bibliographical references and index.
533 _aElectronic reproduction.
_bPalo Alto, Calif. :
_cebrary,
_d2009.
_nAvailable via World Wide Web.
_nAccess may be limited to ebrary affiliated libraries.
650 0 _aIntangible property
_xAccounting.
650 0 _aIntellectual capital.
655 7 _aElectronic books.
_2local
700 1 _aZambon, Stefano.
700 1 _aMarzo, Giuseppe.
710 2 _aebrary, Inc.
856 4 0 _uhttp://site.ebrary.com/lib/rucke/Doc?id=10228265
_zAn electronic book accessible through the World Wide Web; click to view
999 _c38537
_d38537